00581nam a22001697a 450000500170000001000150001702000260003203500140005803700130007208200100008510000230009524501190011825000060023726000630024327000850030630000200039120240725155104.0 aENG-140854 c825.00a9789355327215 aEN-124386 bDBAD/PUB a658.5 aJ.Bowersox donald  aSupply of ChaincDonald J.Bowersox , David J.Closs, M.Bixby Cooper, [and] John C. BowersoxbLogisitices management a1 aChennaibMc Graw Hill Education ( India) Pvt Limitedc2020 bChennaiaAnjana Complex, no:5/90A, Butt Road, St. Thomas Mount, Chennaie6000016 a461vpp.c26(pb)